Bajo el cielo ¿protector? de la globalización: poder y políticas de educación superior en América Latina /

Se analizan algunos de los efectos e implicaciones de la globalización en el campo de la educación superior en América Latina. A partir de una discusión sobre los varios significados del concepto "globalización" se identifica un conjunto de transformaciones institucionales y sistémicas de...

Descrizione completa

Salvato in:
Dettagli Bibliografici
Autore principale: Acosta, Adrián
Natura: testo
Soggetti:
Tags: Aggiungi Tag
Nessun Tag, puoi essere il primo ad aggiungerne!!

MARC

LEADER 00000 a a2200000 04500
001 12476
003
040
100 |a Acosta, Adrián  
245 |a Bajo el cielo ¿protector? de la globalización:   |b poder y políticas de educación superior en América Latina /  |c Adrián Acosta 
520 |a Se analizan algunos de los efectos e implicaciones de la globalización en el campo de la educación superior en América Latina. A partir de una discusión sobre los varios significados del concepto "globalización" se identifica un conjunto de transformaciones institucionales y sistémicas de la educación universitaria latinoamericana en la década de los noventa, orientadas a construir un "nuevo" modelo de universidad en la región. La hipótesis central del texto es que ese "nuevo" modelo implica una transformación profunda de las relaciones de poder en los sistemas nacionales de educación y en la definición de las políticas dirigidas al sector. Doc/PAG  
650 |a GLOBALIZACION  
650 |a NUEVO ORDEN ECONOMICO INTERNACIONAL  
650 |a POLITICA EDUCATIVA  
650 |a SISTEMAS DE ENSEÑANZA  
650 |a ENSEÑANZA SUPERIOR  
650 |a UNIVERSIDADES  
650 |a INSTITUCIONES DE ENSEÑANZA SUPERIOR  
650 |a ADMINISTRACION DE LA ENSEÑANZA  
773 |g volumen 9, número 17; páginas 69-93  
999 |c 28349  |d 28349